Central Library OPAC University of Rajshahi

An Inquiry into the nature and causes of the wealth of nations / (Record no. 59546)

MARC details
000 -LEADER
fixed length control field 00722nam a2200241 a 4500
001 - CONTROL NUMBER
control field 59546
003 - CONTROL NUMBER IDENTIFIER
rucl marc code BD-RjUL
005 - DATE AND TIME OF LATEST TRANSACTION
control field 20211209080738.0
008 - FIXED-LENGTH DATA ELEMENTS--GENERAL INFORMATION
fixed length control field 161226s19611904enk 001 0 eng d
035 ## - SYSTEM CONTROL NUMBER
System control number (BD-RjUL)59670
040 ## - CATALOGING SOURCE
Original cataloging agency BD-RjUL
Language of cataloging eng
Transcribing agency BD-RjUL
Modifying agency BD-RjUL
041 ## - LANGUAGE CODE
Language code of text/sound track or separate title eng
082 ## - DEWEY DECIMAL CLASSIFICATION NUMBER
Edition number 23
Classification number 330.153
Author mark and year SMI 1961
100 1# - MAIN ENTRY--PERSONAL NAME
Personal name Smith, Adam,
Dates associated with a name 1723-1790.
9 (RLIN) 177112
245 13 - TITLE STATEMENT
Title An Inquiry into the nature and causes of the wealth of nations /
Statement of responsibility, etc. Adam Smith
260 ## - PUBLICATION, DISTRIBUTION, ETC. (IMPRINT)
Place of publication, distribution, etc. London :
Date of publication, distribution, etc. c1904 [reprinted 1961]
Name of publisher, distributor, etc. Methuen & Co LTD.
300 ## - PHYSICAL DESCRIPTION
Pagination v.
Size 22 cm.
500 ## - GENERAL NOTE
General note Includes index
505 ## - FORMATTED CONTENTS NOTE
Formatted contents note Vol. 1 -- V. 2 --
600 ## - SUBJECT ADDED ENTRY--PERSONAL NAME
Personal name Smith, Adam
General subdivision Economics
650 ## - SUBJECT ADDED ENTRY--TOPICAL TERM
Topical term or geographic name as entry element Economics
9 (RLIN) 170576
942 ## - ADDED ENTRY ELEMENTS (KOHA)
Source of classification or shelving scheme Dewey Decimal Classification
Koha item type Books
Holdings
Lost status Source of classification or shelving scheme Damaged status Not for loan Collection code Permanent Location Current Location Shelving location Date acquired Source of acquisition Cost, normal purchase price Total Checkouts Full call number Date last seen Copy number Koha item type Date checked out
  Dewey Decimal Classification   Not For Loan Non-fiction Central Library, University of Rajshahi Central Library, University of Rajshahi Reading Room 04/01/1966 Euro Pak. 21.75   330.153 SMI V-2 1961 26/12/2016 C-1 Books  
  Dewey Decimal Classification   Not For Loan Non-fiction Central Library, University of Rajshahi Central Library, University of Rajshahi Reading Room 01/01/1966 Euro Pak. 21.75   330.153 SMI V-1 1961 26/12/2016 C-1 Books  
  Dewey Decimal Classification     Non-fiction Central Library, University of Rajshahi Central Library, University of Rajshahi   03/06/1962 N/A   1 330.153 SMI V-1 1961 11/12/2022 C-2 Books 07/12/2022